| 000 | 00638nam a2200193Ia 4500 | ||
|---|---|---|---|
| 003 | GCL | ||
| 008 | 140319s9999 xx 000 0 ara d | ||
| 040 |
_aGCL / _cGCL |
||
| 082 | 0 | 4 |
_a811.009 _bع م |
| 100 | 1 | _aعلى جواد الطاهر | |
| 245 | 1 | 0 |
_aمحمد بن سلام 00 وكتابة طبقات الشعراء / _cعلى جواد الطاهر |
| 300 | _a302 ص | ||
| 490 |
_aكتاب _v0 |
||
| 650 | 0 | 4 | _aالشعر العربى - تاريخ ونقد |
| 650 | 0 | 4 | _aالشعر العربى - تاريخ |
| 650 | 0 | 4 | _aالشعراء العرب - تاريخ ونقد |
| 650 | 0 | 4 | _aطبقات الشعراء |
| 942 |
_2ddc _cBK |
||
| 999 |
_c42060 _d42060 |
||